[Event "Regionalliga SO 9495"]
[Site "Bayern"]
[Date "1995.??.??"]
[Round "?.5"]
[White "Philipp, Joerg"]
[Black "Steinbacher, Thomas"]
[Result "1/2-1/2"]
[WhiteElo "2020"]
[BlackElo "2070"]
[PlyCount "28"]
[EventDate "1994.10.??"]
[EventType "team-tourn"]
[EventRounds "9"]
[EventCountry "GER"]
[SourceTitle "EXT 1999"]
[Source "ChessBase"]
[SourceDate "1998.11.16"]
[SourceVersion "1"]
[SourceVersionDate "1998.11.16"]
[SourceQuality "1"]
[WhiteTeam "Straubing SC"]
[BlackTeam "Pang/Rosenheim II"]
[WhiteTeamCountry "GER"]
[BlackTeamCountry "GER"]

1. c4 e6 2. Nf3 d5 3. d4 c6 4. Nc3 dxc4 5. a4 Bb4 6. Qc2 Nf6 7. Bg5 Qa5 8. Bxf6 gxf6 9. g3 c5 10. Bg2 Nc6 11. Rd1 Bd7 12. 0-0 Bxc3 13. bxc3 Ne7 14. Ra1 Nd5 1/2-1/2

[Event "Regionalliga SO 9495"]
[Site "Bayern"]
[Date "1994.??.??"]
[Round "?.5"]
[White "Lipok, Erik"]
[Black "Philipp, Joerg"]
[Result "1-0"]
[WhiteElo "1940"]
[BlackElo "2020"]
[PlyCount "53"]
[EventDate "1994.10.??"]
[EventType "team-tourn"]
[EventRounds "9"]
[EventCountry "GER"]
[SourceTitle "EXT 1999"]
[Source "ChessBase"]
[SourceDate "1998.11.16"]
[SourceVersion "1"]
[SourceVersionDate "1998.11.16"]
[SourceQuality "1"]
[WhiteTeam "Waldkirchen TSV"]
[BlackTeam "Straubing SC"]
[WhiteTeamCountry "GER"]
[BlackTeamCountry "GER"]

1. e4 c5 2. Nf3 e6 3. d4 cxd4 4. Nxd4 Nc6 5. Nc3 Qc7 6. Be2 a6 7. 0-0 b5 8. a3 Bb7 9. Nxc6 dxc6 10. f4 c5 11. f5 Rd8 12. Qe1 e5 13. Bg5 Be7 14. Bxe7 Qxe7 15. Bf3 Nf6 16. Qe3 h5 17. Rad1 b4 18. axb4 cxb4 19. Rxd8+ Kxd8 20. Na4 Nd7 21. Rd1 Rh6 22. Nc5 Bc8 23. Nxd7 Bxd7 24. Qa7 Rc6 25. Rd2 g6 26. fxg6 fxg6 27. Qb8+ 1-0